The Uruguay Round and Net Food Importers /

This paper attempts to assess the incremental external financing requirements occasioned by changes in world food prices, due to implementation of the Uruguay Round Agreement on Agriculture, for a sample of 57 developing countries. Based on estimates of changes in food prices due to the Round obtain...

Descripció completa

Dades bibliogràfiques
Autor principal: Eiteljorge, Uwe
Altres autors: Shiells, Clinton
Format: Revista
Idioma:English
Publicat: Washington, D.C. : International Monetary Fund, 1995.
Col·lecció:IMF Working Papers; Working Paper ; No. 1995/143
Accés en línia:Full text available on IMF
LEADER 01724cas a2200253 a 4500
001 AALejournalIMF007348
008 230101c9999 xx r poo 0 0eng d
020 |c 5.00 USD 
020 |z 9781451926958 
022 |a 1018-5941 
040 |a BD-DhAAL  |c BD-DhAAL 
100 1 |a Eiteljorge, Uwe. 
245 1 4 |a The Uruguay Round and Net Food Importers /  |c Uwe Eiteljorge, Clinton Shiells. 
264 1 |a Washington, D.C. :  |b International Monetary Fund,  |c 1995. 
300 |a 1 online resource (43 pages) 
490 1 |a IMF Working Papers 
500 |a <strong>Off-Campus Access:</strong> No User ID or Password Required 
500 |a <strong>On-Campus Access:</strong> No User ID or Password Required 
506 |a Electronic access restricted to authorized BRAC University faculty, staff and students 
520 3 |a This paper attempts to assess the incremental external financing requirements occasioned by changes in world food prices, due to implementation of the Uruguay Round Agreement on Agriculture, for a sample of 57 developing countries. Based on estimates of changes in food prices due to the Round obtained in previous studies, and on detailed data on food trade by country and commodity, the present study shows that the increase in net food import costs are likely to be smaller than 4 percent of net food imports over a period of six years for the countries considered, although for some of the larger trading nations the effect may exceed USD 10 million. 
538 |a Mode of access: Internet 
700 1 |a Shiells, Clinton. 
830 0 |a IMF Working Papers; Working Paper ;  |v No. 1995/143 
856 4 0 |z Full text available on IMF  |u http://elibrary.imf.org/view/journals/001/1995/143/001.1995.issue-143-en.xml  |z IMF e-Library